Vinobā aur Kashmīr. (Record no. 69401)

MARC details
000 -LEADER
fixed length control field 00590cam a22002411 4500
001 - CONTROL NUMBER
control field sa 66004420
003 - CONTROL NUMBER IDENTIFIER
control field DLC
005 - DATE AND TIME OF LATEST TRANSACTION
control field 20260227112242.0
008 - FIXED-LENGTH DATA ELEMENTS--GENERAL INFORMATION
fixed length control field 900126q19601966ii b 000 0 urdr
010 ## - LIBRARY OF CONGRESS CONTROL NUMBER
LC control number sa 66004420
035 ## - SYSTEM CONTROL NUMBER
System control number (OCoLC)20960504
040 ## - CATALOGING SOURCE
Original cataloging agency DLC
Transcribing agency WaU
Modifying agency DLC
042 ## - AUTHENTICATION CODE
Authentication code premarc
050 00 - LIBRARY OF CONGRESS CALL NUMBER
Classification number HD876
Item number .B48
100 0# - MAIN ENTRY--PERSONAL NAME
Personal name Vinoba,
Dates associated with a name 1895-1982.
245 10 - TITLE STATEMENT
Title Vinobā aur Kashmīr.
260 ## - PUBLICATION, DISTRIBUTION, ETC.
Date of publication, distribution, etc. [196-]
300 ## - PHYSICAL DESCRIPTION
Extent 66 p.
Dimensions 18 cm.
500 ## - GENERAL NOTE
General note In Urdu.
504 ## - BIBLIOGRAPHY, ETC. NOTE
Bibliography, etc. note Bibliographical footnotes.
650 #0 - SUBJECT ADDED ENTRY--TOPICAL TERM
Topical term or geographic name entry element Land tenure
Geographic subdivision India.
651 #0 - SUBJECT ADDED ENTRY--GEOGRAPHIC NAME
Geographic name India
General subdivision Social policy.

No items available.

Powered by Koha